[Event "EU-ch U18 Girls 26th"]
[Site "Prague"]
[Date "2016.08.26"]
[Round "8"]
[White "Miljkovic, Jovana"]
[Black "Weis, Olga"]
[Result "1-0"]
[WhiteElo "2024"]
[BlackElo "1895"]
[PlyCount "137"]
[EventDate "2016.08.18"]
[EventType "swiss"]
[EventRounds "9"]
[EventCountry "CZE"]
[SourceTitle "CBM 174 Extra"]
[Source "ChessBase"]
[SourceDate "2016.10.10"]
[SourceVersion "1"]
[SourceVersionDate "2016.10.10"]
[SourceQuality "1"]

1. g3 d5 2. Bg2 Nf6 3. Nf3 c5 4. 0-0 Nc6 5. d3 e5 6. e4 Be7 7. Nc3 Be6 8. Ng5 d4 9. Nxe6 fxe6 10. Ne2 0-0 11. Bh3 Qd6 12. f4 exf4 13. gxf4 e5 14. f5 c4 15. Ng3 cxd3 16. cxd3 Kh8 17. Kh1 Rac8 18. a3 Rc7 19. Rg1 Rfc8 20. Nh5 Nxh5 21. Qxh5 Bf6 22. Bg5 Ne7 23. Rg4 Bxg5 24. Qxg5 Qf6 25. Rag1 Qxg5 26. Rxg5 Ng8 27. R5g3 Nf6 28. Rg5 Re7 29. R5g2 Rc6 30. Bg4 Nxg4 31. Rxg4 Rec7 32. Rg5 Rc1 33. Rxg7 Rxg1+ 34. Rxg1 Rc2 35. Rg2 Rc1+ 36. Rg1 Rc2 37. f6 Rf2 38. Rg5 Rxf6 39. Rxe5 Rf3 40. Re8+ Kg7 41. Re7+ Kg6 42. Rxb7 Rxd3 43. Rxa7 Rd1+ 44. Kg2 Rd2+ 45. Kf3 Rxb2 46. Rd7 Rxh2 47. a4 Rd2 48. Kf4 d3 49. Rd6+ Kf7 50. Ke5 Ra2 51. Rxd3 Rxa4 52. Kf5 Ke7 53. Rh3 Ra1 54. Rxh7+ Kd6 55. e5+ Kd5 56. Rd7+ Kc6 57. e6 Rf1+ 58. Ke5 Re1+ 59. Kf6 Rf1+ 60. Ke7 Rh1 61. Rd2 Rh7+ 62. Kf8 Rh8+ 63. Kg7 Rh1 64. e7 Rg1+ 65. Kf7 Rf1+ 66. Ke8 Ra1 67. Rd8 Re1 68. Kf7 Rf1+ 69. Kg6 1-0

[Event "EU-ch U18 Girls 26th"]
[Site "Prague"]
[Date "2016.08.24"]
[Round "6"]
[White "Miljkovic, Jovana"]
[Black "Poliakova, Emma"]
[Result "1-0"]
[WhiteElo "2024"]
[BlackElo "1912"]
[PlyCount "103"]
[EventDate "2016.08.18"]
[EventType "swiss"]
[EventRounds "9"]
[EventCountry "CZE"]
[SourceTitle "CBM 174 Extra"]
[Source "ChessBase"]
[SourceDate "2016.10.10"]
[SourceVersion "1"]
[SourceVersionDate "2016.10.10"]
[SourceQuality "1"]

1. d4 d5 2. c4 c6 3. Nc3 Nf6 4. e3 e6 5. Nf3 Nbd7 6. Qc2 Bd6 7. b3 Qe7 8. Be2 0-0 9. 0-0 e5 10. cxd5 Nxd5 11. Bb2 Nb4 12. Qb1 exd4 13. Nxd4 Nf6 14. a3 Nbd5 15. Nxd5 Nxd5 16. Bd3 Qh4 17. g3 Qh5 18. Nf5 Bxf5 19. Bxf5 Ne7 20. Bc2 Ng6 21. Qd1 Qxd1 22. Raxd1 Rad8 23. e4 Bc5 24. Kg2 Rfe8 25. f4 Nf8 26. Rxd8 Rxd8 27. Rd1 Rxd1 28. Bxd1 Ne6 29. e5 g6 30. Kf3 Kf8 31. Ke4 Bg1 32. h3 Bh2 33. Kf3 Bg1 34. g4 Nc5 35. Bc3 Nd7 36. h4 Ke7 37. h5 f6 38. Bc2 gxh5 39. gxh5 fxe5 40. Bxh7 Nf6 41. Bg6 Bd4 42. Bd2 exf4 43. Bxf4 Nd5 44. Bg5+ Ke6 45. h6 Ne7 46. Bd3 a6 47. Ke4 Bh8 48. Bc4+ Nd5 49. Be3 b5 50. Bxd5+ cxd5+ 51. Kd3 Kf7 52. Bd4 1-0

[Event "SRB Central-ch op-B 9th"]
[Site "Paracin"]
[Date "2016.07.14"]
[Round "9"]
[White "Isak, Igor G"]
[Black "Miljkovic, Jovana"]
[Result "1/2-1/2"]
[WhiteElo "2064"]
[BlackElo "1973"]
[PlyCount "125"]
[EventDate "2016.07.07"]
[EventType "swiss"]
[EventRounds "9"]
[EventCountry "SRB"]
[SourceTitle "CBM 173 Extra"]
[Source "ChessBase"]
[SourceDate "2016.08.29"]
[SourceVersion "1"]
[SourceVersionDate "2016.08.29"]
[SourceQuality "1"]

1. f4 d5 2. Nf3 g6 3. e3 Bg7 4. d4 Nh6 5. b3 c5 6. Bb2 Nc6 7. Be2 0-0 8. 0-0 b6 9. Ne5 Nxe5 10. dxe5 Nf5 11. Qd2 h5 12. Bf3 Bb7 13. c4 e6 14. Nc3 Nxe3 15. Qxe3 d4 16. Qf2 dxc3 17. Bxc3 Bxf3 18. Qxf3 Qc7 19. Rad1 Rfd8 20. h3 Rxd1 21. Rxd1 Rd8 22. Rd3 Bh6 23. g3 Kh7 24. Kf2 Rxd3 25. Qxd3 Qb7 26. Qf3 Qxf3+ 27. Kxf3 g5 28. fxg5 Bxg5 29. b4 Be7 30. b5 Kg6 31. Ke4 Bd8 32. Bd2 Be7 33. a4 Bd8 34. Be1 Be7 35. a5 Bd8 36. Bf2 Be7 37. a6 Bd8 38. Kf4 Bc7 39. Ke4 Bd8 40. Be1 Bg5 41. Bc3 Be7 42. Kf4 Bg5+ 43. Ke4 Be7 44. Bd2 Bd8 45. Be3 Be7 46. Bf2 Bd8 47. Kf4 Bg5+ 48. Ke4 Be7 49. g4 Bd8 50. gxh5+ Kxh5 51. Be3 Be7 52. Bf2 Bd8 53. h4 Be7 54. Be3 Kxh4 55. Bf4 Kh5 56. Bd2 Bg5 57. Ba5 Bd8 58. Be1 Kg4 59. Bd2 Kh5 60. Be3 Kg6 61. Bf2 Be7 62. Be3 Bd8 63. Bf2 1/2-1/2

[Event "SRB Central-ch op-B 9th"]
[Site "Paracin"]
[Date "2016.07.11"]
[Round "5"]
[White "Mijajlovic, Jovan"]
[Black "Miljkovic, Jovana"]
[Result "1-0"]
[WhiteElo "1881"]
[BlackElo "1973"]
[PlyCount "63"]
[EventDate "2016.07.07"]
[EventType "swiss"]
[EventRounds "9"]
[EventCountry "SRB"]
[SourceTitle "CBM 173 Extra"]
[Source "ChessBase"]
[SourceDate "2016.08.29"]
[SourceVersion "1"]
[SourceVersionDate "2016.08.29"]
[SourceQuality "1"]

1. e4 c5 2. Nf3 d6 3. d4 cxd4 4. Nxd4 Nf6 5. Nc3 a6 6. Bg5 e6 7. f4 Qc7 8. Qf3 b5 9. 0-0-0 Bb7 10. Bd3 Nbd7 11. a3 Rc8 12. Kb1 Be7 13. Rhe1 0-0 14. Qh3 g6 15. e5 dxe5 16. fxe5 Nxe5 17. Nxe6 fxe6 18. Qxe6+ Rf7 19. Qxe5 Bd6 20. Qe2 Bxa3 21. bxa3 Qxc3 22. Bc1 Nd5 23. Be4 Qc5 24. Bxd5 Bxd5 25. Bb2 Bc4 26. Qd2 Rf2 27. Qh6 Qc7 28. Qe3 Qc5 29. Qxc5 Rxc5 30. Bd4 Ba2+ 31. Kxa2 Rcxc2+ 32. Kb1 1-0